Statistics for Languages of Eurovision

Click here to take the quiz!

General Stats

  • This quiz has been taken 1,316 times
    (775 since last reset)
  • The average score is 36 of 61

Answer Stats

Answer % Correct
English
98%
French
96%
German
95%
Italian
94%
Russian
94%
Swedish
94%
Spanish
93%
Serbian
88%
Ancient Greek
87%
Polish
87%
Greek
87%
Norwegian
86%
Finnish
85%
Dutch
85%
Estonian
84%
Danish
84%
Croatian
83%
Latvian
83%
Turkish
83%
Lithuanian
82%
Romani
81%
Irish
81%
Hungarian
80%
Slovak
78%
Czech
77%
Albanian
76%
Icelandic
76%
Ukrainian
76%
Bulgarian
76%
Portuguese
75%
Arabic
72%
Armenian
71%
Hebrew
69%
Bosnian
69%
Georgian
68%
Macedonian
66%
Maltese
63%
Romanian
60%
Azeri
57%
Catalan
51%
Slovene
49%
Montenegrin
46%
Luxembourgish
38%
Sanomi
30%
Swahili
30%
Romansh
28%
Crimean Tatar
28%
O Julissi
27%
Amambanda
27%
Corsican
21%
Breton
18%
Antillean Creole
15%
Udmurt
12%
Neapolitan
11%
V├Áro
10%
Viennese
10%
American Sign Language
10%
Tahitian
7%
Samogitian
7%
Vorarlbergish
6%
Pontic Greek
6%

Score Distribution

Percentile by Number Answered

Percent of People with Each Score

Your Score History

You have not taken this quiz since the last reset